[Event "Bhopal GM Open 2018"]
[Site "Bhopal"]
[Date "2018.12.25"]
[Round "7"]
[White "Manik, Mikulas"]
[Black "Rathore, S.K."]
[Result "1-0"]
[WhiteElo "2410"]
[BlackElo "2106"]
[Annotator "TA"]
[PlyCount "83"]
[EventDate "2018.12.21"]
[EventType "swiss"]
[EventCountry "IND"]
[SourceTitle "playchess.com"]
[Source "ChessBase"]
[SourceQuality "1"]

{[%evp 17,83,29,31,34,43,39,39,35,27,25,38,24,39,40,47,43,52,51,49,46,35,7,31,4,54,66,69,61,71,63,61,63,52,60,61,32,99,85,81,79,89,89,81,59,105,75,163,151,307,309,298,283,447,432,483,478,501,361,259,258,256,256,279,281,298,313,375,164]} 1. e4 e5 2. Nf3 Nc6 3. Bb5 a6 4. Ba4 Nf6 5. O-O Be7 6. d3 b5 7. Bb3 d6 8. a3 {C84: Closed Ruy Lopez: Unusual White 6th moves} Bg4 9. c3 O-O {LiveBook: 5 Games} 10. Nbd2 {White is slightly better.} d5 11. h3 Bh5 12. Re1 Qd7 13. Qe2 {aiming for exd5.} d4 14. Nf1 Rad8 15. Rd1 Bg6 {[#]} 16. Ng3 $146 Nh5 17. Nxh5 Bxh5 18. g4 Bg6 19. Kg2 Kh8 20. cxd4 exd4 21. Bf4 Bd6 22. Bxd6 Qxd6 23. Rac1 {And now Qc2 would win.} Na5 $1 {[%cal Ra5b3]} 24. Ba2 {Threatens to win with Qc2.} c5 25. Qd2 Nc6 26. Nh4 Ne7 (26... c4 $1 $14) 27. f4 $16 {[%cal Bf2f4,Bf4f5][%mdl 32] f5 is the strong threat.} f6 28. f5 $36 {[%mdl 2048] White has strong initiative.} Be8 29. b4 cxb4 30. axb4 Nc6 31. Rc5 Ne5 (31... a5 $16) 32. Rdc1 Bc6 $2 {[#]} (32... Qe7 $16 33. Nf3 Bf7) 33. Nf3 $18 Nxf3 34. Kxf3 Bb7 (34... Bd7 $142 35. Rd5 Qb6) 35. Qf4 Qb6 36. Qc7 Qa7 37. Bd5 Rb8 38. Bxb7 Rxb7 39. Qd6 {[%cal Rd6f8] [#]} Qa8 40. Rc6 ({Don't play} 40. Qxd4 $6 h5 $18) 40... Ra7 41. Qxd4 a5 42. Qc5 {Accuracy: White = 83%, Black = 44%.} (42. g5 $142) 1-0

[Event "Bhopal GM Open 2018"]
[Site "Bhopal"]
[Date "2018.12.25"]
[Round "7"]
[White "Raahul V S"]
[Black "Movsziszian, Karen"]
[Result "0-1"]
[WhiteElo "2381"]
[BlackElo "2505"]
[Annotator "TA"]
[PlyCount "50"]
[EventDate "2018.12.21"]
[EventType "swiss"]
[EventCountry "IND"]
[SourceTitle "playchess.com"]
[Source "ChessBase"]
[SourceQuality "1"]

{[%evp 9,50,2,4,-56,-30,-33,-22,-20,-23,-37,-20,-66,-29,-42,-5,-13,-10,-9,0,-74,-100,-197,-230,-346,-310,-318,-332,-295,-308,-280,-80,-79,-83,-144,-149,-148,-148,-133,-135,-6411,-6311,-2367,-1499]} 1. c4 e5 2. Nc3 d6 3. Nf3 f5 4. d3 Nf6 5. e4 (5. g3 Be7 6. Bg2 O-O 7. O-O a5 8. Rb1 c6 9. a3 Na6 10. b4 axb4 11. axb4 Nc7 12. Bd2 Kh8 13. b5 c5 14. Ra1 Rb8 15. Ra7 Qe8 16. b6 Ne6 {0-1 (41) Almasi,Z (2682)-Adhiban,B (2655) Riadh 2017}) 5... Be7 {LiveBook: 5 Games} 6. c5 {A21: English Opening: 1...e5 2 Nc3} (6. Be2 $11) 6... O-O 7. Be2 Kh8 $146 ({Predecessor:} 7... Nc6 8. cxd6 cxd6 9. Bg5 Kh8 10. Bxf6 Bxf6 11. O-O Be6 12. Rc1 Qd7 13. a3 g5 14. exf5 Bxf5 {½-½ (31) Pilz,D (2330)-Poettinger,H (2200) Austria 2012}) 8. O-O {The position is equal.} Nc6 9. cxd6 cxd6 10. Be3 f4 11. Bc1 g5 12. Nxg5 Qe8 {Threatening ...Rg8.} 13. Nf3 Rg8 14. g3 (14. Kh1 $1 $11) 14... Bh3 $17 15. Re1 (15. Nd5 $17 {is a better defense.} Bxf1 16. Bxf1) 15... Bd8 $19 {[%cal Be7d8,Bd8b6,Bb6d4][%mdl 32]} 16. Nd5 (16. d4 $142 Bb6 17. Nb5) 16... Nxd5 17. exd5 {[#]} Bb6 $1 18. d4 (18. dxc6 Qxc6 19. d4 Raf8 $11) 18... Nxd4 19. Nxd4 fxg3 $2 ({Weaker is} 19... Bxd4 20. Bxf4 Qf7 21. Be3 $17) (19... Qf8 $19 {has better winning chances.} 20. Kh1 Bxd4) 20. hxg3 $17 Bxd4 21. Qb3 (21. Bh5 $142 Qd7 22. Be3 Bxb2 23. Rb1) 21... Qg6 {White must now prevent ...Raf8.} ({Resist} 21... Qf7 22. Be3 $15) 22. Be3 Qe4 $40 {[%csl Gh3][%cal Re4g2][%mdl 128] White is in trouble.} 23. Bf1 Bxf1 24. Kxf1 $4 {[%mdl 8192] [#]} (24. Rxf1 $17 Bxe3 25. Qxe3 Rxg3+ 26. Qxg3) 24... Rxg3 $1 $19 {[%mdl 512] ( -> ...Qg4!)} 25. Bxd4 (25. fxg3 Qf3+) 25... Qg2+ {Accuracy: White = 41%, Black = 57%.} 0-1

[Event "Bhopal GM Open 2018"]
[Site "Bhopal"]
[Date "2018.12.25"]
[Round "7"]
[White "Anuj Shrivatri"]
[Black "Chandreyee, Hajra"]
[Result "1-0"]
[WhiteElo "2357"]
[BlackElo "1933"]
[Annotator "TA"]
[PlyCount "243"]
[EventDate "2018.12.21"]
[EventType "swiss"]
[EventCountry "IND"]
[SourceTitle "playchess.com"]
[Source "ChessBase"]
[SourceQuality "1"]

{[%evp 15,242,6,38,15,31,16,62,51,46,55,112,114,99,103,116,113,99,91,91,95,111,91,91,91,91,91,91,91,88,88,359,88,88,88,89,91,94,101,101,98,91,93,93,91,107,74,94,101,107,59,73,65,73,47,72,65,83,66,83,94,86,55,89,37,43,0,0,0,16,18,89,82,106,106,118,109,117,112,113,112,96,111,139,139,139,139,139,139,139,133,131,118,124,75,124,0,160,122,170,170,170,51,51,51,51,51,51,51,51,51,52,52,52,52,170,163,152,152,847,802,1139,1146,1173,952,1204,1204,889,709,595,580,451,374,353,353,12808,276,1312,0,12809,12808,12808,10272,12808,12806,12806,12812,12810,12812,12814,12814,12815,12812,12814,12815,12811,11571,12811,12815,12814,12816,12817,12817,12815,12819,12820,12824,12825,12821,12827,12829,12804,5856,29954,29958,29956,29959,29956,11840,29969,29969,29968,29970,29968,29969,29975,29975,29975,29970,29971,29977,29976,29975,29977,29979,29979,29978,29980,29979,29981,29977,29982,29983,29987,29986,29988,29987,29989,29990,29990,29990,29991,29990,29991,29992,29992,29992,29993,29994,29994,29995,29995,29996,29996,29995,29997,29998,29998,29999,29999]} 1. Nf3 d5 2. c4 e6 3. g3 Nf6 4. Bg2 d4 5. O-O c5 6. e3 Nc6 7. exd4 cxd4 8. d3 h6 {LiveBook: 33 Games. A13: English Opening: 1...e6} (8... Be7 9. b3 O-O 10. Na3 e5 11. Nc2 Nd7 12. a3 a5 13. Rb1 Nc5 14. b4 axb4 15. axb4 Na4 16. Bd2 {0-1 (47) Wei,Y (2739)-Karjakin,S (2760) Medias 2017}) 9. Bd2 $146 ({Predecessor:} 9. Na3 Bd6 10. Nc2 e5 11. b4 O-O 12. Ba3 a6 13. Qd2 Re8 14. b5 axb5 15. Bxd6 Qxd6 16. cxb5 {½-½ (51) Skoberne,J (2563)-Lupulescu,C (2627) Batumi 2018}) 9... Bd6 10. b4 Bxb4 {[#]The position is equal.} 11. Ne5 $1 {[%mdl 512]} Bxd2 (11... Nxe5 12. Bxb4) 12. Nxc6 Qd6 (12... Qc7 $14) 13. c5 $1 $16 {[%cal Rc5d6]} Qc7 14. Nxd4 (14. Nxd2 $6 bxc6 15. Qa4 O-O $11) 14... Ba5 15. Qa4+ $1 Bd7 16. Qa3 $1 Rc8 17. Nb3 $36 {[%mdl 2048] Black is under strong pressure.} b6 18. Rc1 {Strongly threatening c6.} O-O 19. cxb6 Qxb6 20. Rxc8 Rxc8 21. Qxa5 ({Don't blunder} 21. Nxa5 $2 Ng4 $19) 21... Qxa5 22. Nxa5 {And now Nc4 would win.} Rc1+ 23. Bf1 {Black must now prevent Nb3.} Ba4 24. Nb3 Bxb3 25. axb3 Nd5 26. Kg2 Nc3 27. Nxc3 ({Much worse is} 27. Rxa7 $6 Rxb1 28. Rb7 Rb2 $11) 27... Rxa1 28. d4 Rc1 29. Nb5 $1 a5 30. Bd3 Ra1 31. Nc3 Rc1 32. Ne2 (32. Na4 {is more complex.} Rd1 33. Nc5 g5 34. Kf3 Kg7 35. Ke2) 32... Ra1 33. Bb5 g5 34. Ba4 Kg7 35. Kf3 f5 36. h4 Kf6 37. hxg5+ hxg5 38. Nc3 Re1 39. g4 (39. Bb5 $16) 39... Rh1 {...Rh3+ is the strong threat.} 40. Ne2 Rh3+ 41. Kg2 fxg4 42. Ng3 Rh8 (42... Ke7 $11) 43. Ne4+ Kf5 44. Nc5 $1 Kf6 45. Nb7 Rh4 46. Nxa5 g3 47. Kxg3 {Threatens to win with Nc6.} Rxd4 48. Nc4 e5 49. Ne3 Ke6 50. Bb5 Rf4 51. Bc4+ Kd6 52. b4 e4 53. Be2 Rf8 54. Nd1 Rc8 55. Ne3 ({White should try} 55. b5 $1 $16) 55... Rc1 $2 (55... Rf8 $11) 56. b5 Kc5 57. Kg4 Ra1 {[#] intending ...Ra2.} 58. Bf1 ({Inferior is} 58. Kxg5 Ra2 $11) (58. Nd1 $1 $18) 58... Ra2 $14 59. Kg3 Ra1 60. Bg2 Ra4 $1 61. Bh3 Rd4 62. Bf1 Ra4 63. Nc4 Ra1 64. Kg2 Kxb5 ({Black should play} 64... Rb1 $14) 65. Nd6+ {[%mdl 64] Discovered Attack (Double check)} Kc6 66. Nxe4 Ra5 $2 {[#]} (66... Kd5 $16) 67. Kg3 $1 $18 {[%cal Rg3g4]} Ra1 68. Bg2 Kd5 69. Nxg5+ Ke5 70. f4+ Kf6 71. Kg4 Rg1 72. Ne4+ Ke6 73. Kf3 Ra1 74. Bh3+ Kf7 $2 (74... Kd5 75. Nf6+ Kd6) 75. Bc8 $2 (75. f5 Ke7 76. Kf4) 75... Rc1 $2 (75... Ra3+ 76. Ke2 Ke7) 76. Bh3 (76. Bg4 $142 Rf1+ 77. Ke3) 76... Ra1 $1 77. f5 Ra3+ 78. Kg4 Re3 79. Bg2 Re1 80. Kf4 Ra1 81. Bf3 Ra5 82. Bh5+ Kf8 83. Bg6 Kg7 84. Kg5 Rd5 85. Ng3 Ra5 86. Nh5+ Kf8 87. Kh6 Ra1 88. Nf4 Ra6 89. Kg5 Ra5 90. Kf6 Ra7 91. Ne6+ Kg8 92. Be8 Rb7 93. Kg6 (93. Nc5 $142 Rg7 94. Nd7) 93... Rb1 94. f6 Rg1+ 95. Kf5 Rf1+ 96. Ke5 Re1+ 97. Kd6 {White mates.} Rf1 98. Ke7 Kh8 99. f7 Rf2 100. f8=R+ Rxf8 101. Kxf8 Kh7 102. Kf7 Kh8 103. Kf6 Kg8 104. Bg6 Kh8 105. Ng5 Kg8 106. Nf7 Kf8 107. Bh7 Ke8 108. Ne5 Kf8 109. Nd7+ Ke8 110. Ke6 Kd8 111. Kd6 Ke8 112. Bg6+ Kd8 113. Bf7 Kc8 114. Nc5 Kd8 115. Nb7+ Kc8 116. Kc6 Kb8 117. Kb6 Kc8 118. Be6+ Kb8 119. Bd7 Ka8 120. Nc5 Kb8 121. Na6+ Ka8 122. Bc6# {Accuracy: White = 75%, Black = 49%.} 1-0

[Event "Bhopal GM Open 2018"]
[Site "Bhopal"]
[Date "2018.12.25"]
[Round "7"]
[White "Tran, Minh Thang"]
[Black "Khusenkhojaev, Muhammad"]
[Result "0-1"]
[WhiteElo "2342"]
[BlackElo "2455"]
[Annotator "TA"]
[PlyCount "76"]
[EventDate "2018.12.21"]
[EventType "swiss"]
[EventCountry "IND"]
[SourceTitle "playchess.com"]
[Source "ChessBase"]
[SourceQuality "1"]

{[%evp 26,76,32,25,23,20,16,20,26,21,19,32,23,20,43,35,47,7,38,0,0,0,6,-115,-114,-114,-106,-158,-153,-180,-209,-190,-166,-208,-209,-229,-235,-254,-254,-247,-215,-248,-244,-416,-408,-545,-552,-744,-721,-1106,-1066,-978,-960]} 1. e4 e5 2. Nf3 Nc6 3. Bb5 Nf6 4. O-O Nxe4 5. Re1 Nd6 6. Nxe5 Nxe5 7. Rxe5+ Be7 8. Bf1 O-O 9. d4 Bf6 10. Re1 Re8 {C67: Ruy Lopez: Berlin Defence: 4 0-0 Nxe4} 11. c3 Rxe1 12. Qxe1 Qe7 (12... Ne8 13. d5 c6 14. Nd2 cxd5 15. Nf3 d6 16. Be3 Nc7 17. Qd2 Bd7 18. g3 {½-½ (32) Giri,A (2780)-Caruana,F (2827) Batumi 2018}) 13. Qxe7 Bxe7 14. Bf4 {LiveBook: 3 Games} Ne8 15. Nd2 d5 16. Re1 {[#]} Be6 $146 ({Predecessor:} 16... Kf8 17. f3 Bd6 18. Bxd6+ Nxd6 {½-½ (30) Kuzubov,Y (2660)-Mamedov,R (2708) Ankara 2018}) 17. Nb3 b6 18. Bb5 Bd6 19. Bc6 {[#] And now Bxd6 would win.} Rb8 20. Be5 Kf8 21. f4 g6 22. Kf2 Ke7 23. g4 Bxe5 24. Rxe5 {[#]} (24. fxe5 $11 {keeps the balance.} Bxg4 25. Bxd5) 24... Nf6 $1 $17 {[%cal Rf6g4]} 25. Kf3 Kd6 26. f5 (26. g5 $142) 26... Nxg4 27. fxe6 Nxe5+ 28. dxe5+ Kxe6 ({Avoid the trap} 28... Kxc6 $2 29. Nd4+ Kc5 30. exf7 $18) 29. Nd4+ Kxe5 30. b4 f5 {[%cal Bf7f5,Bf5f4,Bf4f3][%mdl 32]} 31. a4 a6 32. h4 h6 33. Ke3 g5 {[%cal Bg6g5,Bg5g4][%mdl 32]} 34. h5 $2 (34. Nf3+ Kd6 35. b5) 34... f4+ $19 35. Ke2 g4 {Black is clearly winning.} 36. b5 axb5 37. axb5 Rf8 38. Kf2 f3 {Accuracy: White = 31%, Black = 80%.} 0-1

[Event "Bhopal GM Open 2018"]
[Site "Bhopal"]
[Date "2018.12.25"]
[Round "7"]
[White "Vaibhav Jayant Raut"]
[Black "Nitin, S.."]
[Result "1/2-1/2"]
[WhiteElo "2005"]
[BlackElo "2450"]
[Annotator "TA"]
[PlyCount "71"]
[EventDate "2018.12.21"]
[EventType "swiss"]
[EventCountry "IND"]
[SourceTitle "playchess.com"]
[Source "ChessBase"]
[SourceQuality "1"]

{[%evp 15,71,0,0,0,0,-31,0,0,0,0,6,1,0,-11,18,18,24,27,22,-19,-7,-12,-22,-41,25,0,0,-22,0,0,0,-69,-43,-52,-38,-73,48,66,282,291,262,51,589,629,619,0,0,0,614,0,0,0,605,606,635,589,781,874]} 1. Nf3 Nf6 2. g3 g6 3. Bg2 Bg7 4. O-O O-O 5. d3 d5 6. Nbd2 Nc6 7. e4 e5 8. a4 {A07: Réti Opening: New York and Capablanca Systems} (8. Re1 Re8 9. h3 h6 10. a3 a5 11. b3 d4 12. Bb2 b6 13. Nc4 Ba6 14. Rc1 Nh7 15. c3 Ng5 16. cxd4 Nxf3+ 17. Qxf3 Nxd4 {1-0 (57) Hansen,E (2629)-Hammer,J (2631) chess.com INT 2018}) 8... a5 {LiveBook: 3 Games} 9. Re1 Re8 10. b3 {The position is equal.} dxe4 $146 ({Predecessor:} 10... b6 11. Bb2 Bb7 12. exd5 Nxd5 13. Nc4 f6 14. Re2 Qd7 15. Qd2 Rad8 16. Rae1 Ndb4 {0-1 (40) Hesse,P (2420)-Mikhalchishin,A (2480) Leipzig 1979}) 11. dxe4 Bg4 12. Bb2 Nd7 13. h3 {[%cal Bh2h3,Bh3h4][%mdl 32]} Be6 14. Ba3 f5 15. h4 Bf6 16. Bh3 Nf8 17. h5 f4 18. Bxe6+ Nxe6 19. hxg6 hxg6 (19... Qd7 $1 $15) 20. Qe2 Kg7 21. c3 Be7 22. Bxe7 Qxe7 23. Nc4 (23. Kg2 $11) 23... Rh8 24. Kg2 (24. Nfxe5 fxg3 25. Nf3 g2 $1 $19 {[%mdl 512]}) (24. Ncxe5 $2 Nxe5 25. Nxe5 fxg3 $19) 24... Nc5 25. Rad1 g5 ({Much worse is} 25... Nxb3 $6 26. Nfxe5 $1 {[%mdl 512]} Nxe5 27. Nxe5 $14) (25... Raf8 $17 26. Rh1 g5) 26. Rd5 $14 {[%cal Rc4e5]} Nd7 $2 {[#]} (26... g4 $14) 27. Nxg5 $1 $18 {[%mdl 512]} Nf6 {[#]} (27... Qxg5 28. Rxd7+) 28. Rdd1 $2 (28. gxf4 $1 $18 {[%cal Rc4e5][%mdl 512]} Rh4 (28... exf4 29. Rf5) 29. Ne3 (29. Nxe5 Nxd5 30. exd5 Nxe5 $16) 29... Nxd5 30. exd5) 28... Nh5 $2 {[%mdl 8192]} ({Black should try} 28... Rag8 $14) 29. Qg4 {Black must now prevent Rd7.} Nf6 30. Ne6+ {[%mdl 64] Discovered Attack (Double check)} Kf7 31. Ng5+ Kg7 $1 32. Ne6+ {[%mdl 64] Discovered Attack (Double check)} Kf7 33. Ng5+ Kg7 $1 34. Qf5 {White is clearly winning.} Rh5 35. Rh1 {Strongly threatening Rxh5.} f3+ 36. Kxf3 {[%mdl 32768] Accuracy: White = 43%, Black = 39%. . An unexpected result.} 1/2-1/2

[Event "Bhopal GM Open 2018"]
[Site "Bhopal"]
[Date "2018.12.25"]
[Round "7"]
[White "Nitin Shankar Madhu"]
[Black "Elgabry, Mohsen"]
[Result "1-0"]
[WhiteElo "2002"]
[BlackElo "2305"]
[Annotator "TA"]
[PlyCount "89"]
[EventDate "2018.12.21"]
[EventType "swiss"]
[EventCountry "IND"]
[SourceTitle "playchess.com"]
[Source "ChessBase"]
[SourceQuality "1"]

{[%evp 14,89,93,81,84,78,118,97,146,115,112,93,130,128,120,87,89,86,115,110,191,179,291,290,332,316,343,342,334,306,636,635,692,735,712,667,689,598,1024,1008,970,532,1058,974,962,680,625,580,1499,1462,5489,5406,4902,703,696,700,702,713,644,588,756,746,744,746,710,711,731,750,652,743,725,725,807,797,4602,2687,4994,2247]} 1. e4 g6 2. d4 Bg7 3. Nc3 a6 4. f4 d6 5. Nf3 b5 6. e5 {B06: Modern Defence} (6. Bd3 Nd7 7. a4 b4 8. Ne2 c5 9. c3 Bb7 10. O-O Ngf6 11. e5 Nd5 12. Bd2 bxc3 13. bxc3 cxd4 14. cxd4 O-O {0-1 (49) Anand,V (2759)-Nakamura,H (2769) Leuven 2018}) 6... e6 7. Bd3 Bb7 8. Ne4 {LiveBook: 6 Games. White is better.} Nc6 9. c3 Nge7 $146 ({Predecessor:} 9... Qe7 10. O-O f5 11. exf6 Nxf6 12. Neg5 O-O 13. Re1 Nd8 14. a4 bxa4 15. Rxa4 {1-0 (40) Camarena Gimenez,R (2374)-Pel,B (2310) Olomouc 2005}) 10. O-O h5 11. Nfg5 Nf5 12. Qe2 Qe7 13. Bd2 Nb8 14. Rae1 Nd7 15. Ng3 {Bxf5 is the strong threat.} Nxg3 16. hxg3 {And now exd6 would win.} Bd5 (16... Kf8 $16) 17. a4 O-O (17... h4 {is a better defense.}) 18. g4 $18 ({Weaker is} 18. axb5 axb5 19. Bxb5 Rfb8 $16) 18... hxg4 19. Qxg4 Rfb8 {[#]} 20. Nxf7 $1 {[%mdl 512]} Nf8 (20... Qxf7 21. Bxg6) 21. Ng5 c5 $2 (21... bxa4 22. Bc1 Rb3) 22. Qh3 {White is clearly winning.} Qe8 23. exd6 cxd4 {[#]} 24. d7 $1 {[%mdl 512]} Qxd7 {[#]} 25. Bxg6 $1 {[%mdl 512]} dxc3 (25... Nxg6 26. Qh7+) 26. Bh7+ Nxh7 27. Qxh7+ Kf8 28. Be3 {Strongly threatening Bc5+.} Ke8 29. Qg8+ Bf8 30. Bc5 {[%csl Gc5][%cal Rg8f8]} Qg7 31. Rxe6+ Kd7 {[#]} 32. Rd6+ $1 {[%mdl 576] Double Attack, Discovered Attack} Kc8 (32... Bxd6 33. Qxg7+) 33. Qxg7 (33. Qxd5 $142 Bxd6 34. Bxd6 Qa7+ 35. Kh2 Rb6 36. Qg8+ Kb7 37. Qg7+ Kc6 38. Qxc3+ Kd7 39. Qg7+ Kc6 40. Rc1+ Kxd6 41. Rd1+ Kc6 42. Qc3+ Kb7 43. Rd7+ {[%mdl 64] Skewer} Kb8 44. Qh8#) 33... Bxg7 34. Rxd5 cxb2 35. a5 Bc3 36. Bd6 Kb7 37. Bxb8 Rxb8 38. Ne4 Bxa5 39. Rb1 Bc7 40. Rxb2 Bxf4 41. Rf5 Be3+ 42. Kf1 Bd4 43. Rd2 Rd8 44. Nc5+ Ka7 45. Ne6 {[%mdl 64] Double Attack. Accuracy: White = 82%, Black = 36%.} 1-0

[Event "Bhopal GM Open 2018"]
[Site "Bhopal"]
[Date "2018.12.25"]
[Round "7"]
[White "Sri Sai Baswanth P"]
[Black "Sarwat, Walaa"]
[Result "1-0"]
[WhiteElo "1921"]
[BlackElo "2276"]
[Annotator "TA"]
[PlyCount "63"]
[EventDate "2018.12.21"]
[EventType "swiss"]
[EventCountry "IND"]
[SourceTitle "playchess.com"]
[Source "ChessBase"]
[SourceQuality "1"]

{[%evp 18,63,50,52,107,95,94,102,94,93,93,97,162,160,165,122,122,124,122,136,264,223,274,295,309,215,443,434,490,489,554,587,709,700,807,815,814,799,808,814,942,941,933,928,900,845,1058,1050]} 1. d4 d5 2. Bf4 Nf6 3. e3 c5 4. c3 Nc6 5. Nd2 Bf5 6. Qb3 {D00: 1 d4 d5: Unusual lines} (6. Ngf3 e6 7. Nh4 Be4 8. Nhf3 Bf5 9. Nh4 Be4 10. Qb3 Qc8 11. Nhf3 Bf5 12. Be2 Be7 13. O-O O-O 14. h3 h6 15. Rfe1 c4 16. Qd1 b5 {1-0 (66) Grachev,B (2626)-Najer,E (2663) Moscow 2018}) 6... Qb6 7. dxc5 Qxb3 8. axb3 e5 9. Bg3 Bxc5 10. Ngf3 {LiveBook: 13 Games} d4 (10... e4 $14 11. Nd4 Bxd4 12. exd4 O-O) 11. b4 dxe3 12. fxe3 Bb6 ({Wrong is} 12... Bxe3 $2 13. Nc4 $18) 13. b5 $146 Ne7 14. Bxe5 Ng4 (14... Ned5 $16) 15. Bxg7 Rg8 16. Bd4 Nxe3 17. Bxe3 Bxe3 18. Nc4 $36 {[%mdl 2048] Black is under strong pressure.} Bf4 (18... Bh6 $16) 19. g3 $18 Bc7 {[#]} 20. b6 $1 {[%mdl 512]} Bb8 (20... axb6 21. Rxa8+) 21. Kf2 Nd5 $2 (21... Be6 22. Nd4 Bxc4) 22. Bg2 {White is clearly winning.} Be6 23. Nd4 Rg4 24. Ra5 Rg5 25. Ne3 Nxe3 26. Rxg5 Nxg2 27. Rg8+ Ke7 28. Nxe6 fxe6 29. Kxg2 axb6 30. Rf1 Kd7 31. Rff8 Kc7 32. Rc8+ {Accuracy: White = 85%, Black = 10%.} 1-0

[Event "Bhopal GM Open 2018"]
[Site "Bhopal"]
[Date "2018.12.25"]
[Round "7"]
[White "Abhay Bandewar"]
[Black "Rathnakaran, K.."]
[Result "1/2-1/2"]
[WhiteElo "1793"]
[BlackElo "2366"]
[Annotator "TA"]
[PlyCount "159"]
[EventDate "2018.12.21"]
[EventType "swiss"]
[EventCountry "IND"]
[SourceTitle "playchess.com"]
[Source "ChessBase"]
[SourceQuality "1"]

{[%evp 13,159,35,37,-20,27,23,14,21,51,16,78,80,99,96,125,79,103,87,79,70,98,69,92,38,33,34,47,40,38,49,53,30,23,20,25,26,22,38,52,56,89,79,78,64,63,25,26,0,0,0,0,0,0,0,0,0,0,-4,95,97,110,82,75,74,68,73,91,0,50,22,22,23,53,11,24,13,15,8,89,86,85,80,80,8,8,0,0,0,0,0,12,12,94,0,17,0,0,0,0,0,0,0,0,0,0,0,0,0,0,0,0,0,0,0,0,0,0,0,0,0,0,0,0,0,0,0,0,0,0,0,0,0,0,0,0,0,0,0,0,0,0,0,0,0,0,0,0,0]} 1. d4 g6 2. c4 d6 3. Nf3 Bg7 4. g3 Nd7 5. Bg2 e5 6. Nc3 Ne7 7. O-O O-O {LiveBook: 653 Games} 8. Nd5 {A41: 1 d4 d6: Tartakower System and Modern Defence} (8. dxe5 $14 Nxe5 9. Nxe5 Bxe5 10. Bg5) (8. Re1 exd4 9. Nxd4 Ne5 10. Nd5 Nxc4 11. Bg5 f6 12. Bc1 Nf5 13. Nxf5 Bxf5 14. Nf4 Kh8 15. Bxb7 Rb8 {½-½ (105) Fier,A (2562)-Zhang,Z (2641) Dubai 2017}) 8... h6 9. e4 Nxd5 $146 ({Predecessor:} 9... c6 10. Nxe7+ Qxe7 11. Rb1 Kh7 12. b3 d5 13. Re1 dxc4 14. bxc4 exd4 15. Nxd4 Ne5 16. Qa4 Nd3 17. Rd1 Nxc1 18. Rbxc1 Bg4 19. Nf3 Qc5 20. h3 Be6 21. Ne1 Qh5 22. Nd3 Rfd8 {½-½ (22) Bencze,L (2274)-Biro,D (2198) Hungary 2002}) 10. cxd5 f5 11. dxe5 {e6 is the strong threat.} dxe5 (11... fxe4 $11 12. Nd4 Nxe5) 12. Nh4 $16 Rf6 13. exf5 gxf5 14. Bd2 Nb6 15. Bc3 Rf7 16. Qb3 a5 17. Rad1 Qd6 18. Rfe1 ({White should play} 18. Qc2 $16) 18... Bd7 $14 {Black wants to play ...Ba4.} 19. Qc2 e4 20. Bxg7 Rxg7 21. Bf1 Rf8 22. Ng2 Be8 ({Don't go for} 22... Nxd5 $2 23. Rxd5 $1 {[%mdl 512]} Qc6 24. Rc5 $18) 23. Kh1 Bh5 ({Not} 23... Nxd5 $2 {[#]} 24. Rxd5 $1 {[%mdl 512]} Qb6 25. Ne3 $18) 24. Be2 Bxe2 25. Rxe2 Nd7 26. Nf4 Nc5 27. Qc3 b6 28. Qd4 Kh7 29. a3 a4 30. Ne6 Nxe6 31. dxe6 Qxe6 32. Qxa4 h5 33. f3 {[%cal Rf3e4]} Qg6 34. fxe4 f4 $1 35. e5 f3 (35... fxg3 $11 36. Qc2 Rf2 37. Rxf2 gxf2 38. Qxg6+ Kxg6) 36. Rf2 Qg4 37. Rd4 Qf5 38. Qd1 {aiming for Rf4.} Qxe5 39. Rd3 Qe4 40. Rd4 (40. Rfxf3 $16 Rxf3 41. Rxf3 (41. Qxf3 Qxf3+ 42. Rxf3 Rd7 $16)) 40... Qe3 (40... Qe5 {seems wilder.}) 41. Qd3+ (41. Qc2+ {looks sharper.} Kg8 42. Re4 Qg5 43. Qb3+ Kh7 44. Rxf3 Qc1+ 45. Kg2) 41... Qxd3 42. Rxd3 $11 {[%mdl 4096] Endgame KRR-KRR} Rgf7 43. Kg1 h4 44. gxh4 Kh6 45. Rc2 Kh5 (45... Rg8+ $11 {remains equal.} 46. Kf1 Kh5) 46. Kf2 $16 Kxh4 47. Rcc3 Kg4 48. h3+ ({Better is} 48. Rc1 $16) 48... Kxh3 $11 49. Rxf3+ Kg4 {[%cal Rf7f3]} 50. Rxf7 Rxf7+ {KR-KR} 51. Ke2 Rh7 52. Kd3 Kf5 (52... Rh2 $1 $11 {keeps the balance.}) 53. Kc4 (53. Rc6 $16) 53... Ke6 {The position is equal.} 54. Rd3 c6 55. b3 Rh4+ 56. Kc3 Ke5 57. a4 b5 58. axb5 cxb5 59. b4 Rh1 60. Kb2 Ke4 61. Rd8 (61. Kc2 {is interesting.} Rh2+ 62. Kc3 Ke5 63. Rd8 Rh3+ 64. Kc2) 61... Rh5 62. Kb3 Rh3+ 63. Kb2 Rd3 64. Rxd3 (64. Rb8 {keeps more tension.} Kd5 65. Kc2 Rh3 66. Rxb5+ Kc4 67. Rb7) 64... Kxd3 {KP-KP} 65. Kc1 Kc3 66. Kb1 Kc4 (66... Kxb4 $5 67. Kb2 $8 Kc5 $11) 67. Kc1 Kb3 (67... Kc3 $5) 68. Kb1 Ka4 69. Ka1 Kxb4 {KP-K} 70. Kb2 Kc4 71. Kc2 b4 72. Kb2 b3 73. Kb1 Kb4 74. Kb2 Ka4 (74... Kc4 $5) 75. Kb1 Kb5 {[%cal Ba4b5,Bb5b4,Bb4c3,Bc3d3][%mdl 32]} (75... Ka3 $5 76. Ka1 $8 Kb4 $11) 76. Kb2 Kb4 (76... Ka4 $5) 77. Kb1 Kc3 (77... Ka3 $5 78. Ka1 $8 Kb4 $11) 78. Kc1 b2+ 79. Kb1 Kd3 {( -> ...Kc3)} 80. Kxb2 {Accuracy: White = 59%, Black = 68%.} 1/2-1/2